000 00516nam a2200169 4500
001 111777
003 ES-MaACL
005 20250830024929.0
007 t|
008 061121s1972 sp r ||||1| spa d
111 2 _aAsamblea Plenaria de la Conferencia Episcopal Española
_n(17ª.
_d1972)
_932
245 1 0 _aOrientaciones del episcopado español sobre apostolado seglar.
260 _aMadrid :
_bBruño,
_c1972.
300 _a67 p. ;
_c17 cm.
852 _aES-MaACL
_jC-52138
_bR.85001
999 _c111777
_d111777